000 00271nam a2200121 i 4500
001 bg
245 0 _aKodeks pracy /
_cpod red. Jerzego Pacho.
260 _aWarszawa,
_c1979.
040 _cBPK
041 _apol
942 _cKS
008 s pl f |000 0 pol
999 _c18992
_d18992
856 _uhttp://koha.tu.koszalin.pl/cgi-bin/koha/opac-detail.pl?biblionumber=18992
_yKatalog online BPK